Global structural stability of flows on open surfaces
Saved in:
| Main Author: | |
|---|---|
| Other Authors: | , |
| Format: | Book |
| Language: | English |
| Published: |
Providence, R.I. :
American Mathematical Society,
c1982
|
| Series: | Memoirs of the American Mathematical Society ;
; 261 |
| Subjects: | |
| Tags: |
Add Tag
No Tags, Be the first to tag this record!
|
MARC
| LEADER | 00000cam a2200000 i 4500 | ||
|---|---|---|---|
| 001 | 1/49392 | ||
| 008 | 941103s1982 eng d | ||
| 020 | |a 0821822616 | ||
| 035 | |l 10043595 | ||
| 035 | |a 1993 | ||
| 040 | |a GR-MY-UA |b gre |e aacr | ||
| 041 | 0 | |a eng | |
| 082 | 0 | |a 514.32 |2 (19) | |
| 100 | 1 | |a Kotus, Janina. | |
| 245 | 1 | 0 | |a Global structural stability of flows on open surfaces / |c Janina Kotus, Micha? Krych, Zbigniew Nitecki |
| 260 | |a Providence, R.I. : |b American Mathematical Society, |c c1982 | ||
| 300 | |a v, 108 p.; |b ill.; |c 26 cm | ||
| 490 | 1 | |a Memoirs of the American Mathematical Society |v ; 261 | |
| 500 | |a Includes index | ||
| 504 | |a Bibliography: p. 100-104 | ||
| 650 | 0 | 0 | |a Differentiable dynamical systems. |
| 650 | 0 | 0 | |a Stability. |
| 650 | 0 | 0 | |a Surfaces. |
| 700 | 1 | |a Krych, Micha? |d 1948- | |
| 700 | 1 | |a Nitecki, Zbigniew. | |
| 830 | 0 | |a Memoirs of the American Mathematical Society ; |v ; 261 | |
| 852 | |a INST |b SAMOS |e 19941103 |h 514.32 KOT |p 005300007721 |q 005300007721 |t BK |y 0 | ||
| 909 | |a Σ |b 033779 | ||